[Event "Mittelfranken Mitte-ch"]
[Site "Zirndorf"]
[Date "2015.01.06"]
[Round "7"]
[White "Mantel, Hans"]
[Black "Nagel, Ekkehard"]
[Result "0-1"]
[WhiteElo "1503"]
[BlackElo "1100"]
[PlyCount "76"]
[EventDate "2015.01.02"]
[EventType "swiss"]
[EventRounds "7"]
[EventCountry "GE2"]
[SourceTitle "EXT 2018"]
[Source "ChessBase"]
[SourceDate "2017.10.13"]
[SourceVersion "1"]
[SourceVersionDate "2017.10.13"]
[SourceQuality "1"]

1. e4 c5 2. Nc3 d6 3. g3 g6 4. Bg2 Bg7 5. d3 Nf6 6. Bd2 Nc6 7. Qc1 0-0 8. Bh6 Qb6 9. Bxg7 Kxg7 10. h3 e5 11. Rb1 Be6 12. g4 Qa5 13. a3 b5 14. Qd2 Nd4 15. Nge2 Rac8 16. 0-0 c4 17. f4 cxd3 18. Qxd3 Bc4 19. Qd1 Qb6 20. Kh1 Bxe2 21. Nxe2 Rc4 22. Nc3 Rfc8 23. fxe5 dxe5 24. g5 Nh5 25. Kh2 Nf4 26. Nd5 Nxd5 27. exd5 Rxc2 28. Qe1 Re2 29. Qh4 Qd6 30. Kh1 Rcc2 31. Rf6 Qc7 32. Rbf1 Nf5 33. Qg4 e4 34. Kg1 Rxg2+ 35. Qxg2 Rxg2+ 36. Kxg2 Ne3+ 37. Kg1 Nxf1 38. Rxf1 Qc5+ 0-1

[Event "Mittelfranken Mitte-ch"]
[Site "Zirndorf"]
[Date "2015.01.04"]
[Round "5"]
[White "Muenzenberg, Dietrich"]
[Black "Nagel, Ekkehard"]
[Result "1-0"]
[WhiteElo "1668"]
[BlackElo "1100"]
[PlyCount "71"]
[EventDate "2015.01.02"]
[EventType "swiss"]
[EventRounds "7"]
[EventCountry "GE2"]
[SourceTitle "EXT 2018"]
[Source "ChessBase"]
[SourceDate "2017.10.13"]
[SourceVersion "1"]
[SourceVersionDate "2017.10.13"]
[SourceQuality "1"]

1. d4 d5 2. Bg5 Nd7 3. c3 Ngf6 4. Nd2 e6 5. e4 Be7 6. e5 Ne4 7. Nxe4 dxe4 8. Be3 0-0 9. Qg4 f5 10. exf6 Nxf6 11. Qh3 e5 12. Qg3 exd4 13. Bxd4 Be6 14. 0-0-0 Qe8 15. Kb1 Qf7 16. b3 Ng4 17. f3 exf3 18. Nxf3 Rad8 19. Bd3 Bf5 20. h3 Bxd3+ 21. Rxd3 Qf5 22. Rhd1 Nf6 23. Qxc7 Rd7 24. Qc4+ Nd5 25. Ne5 b5 26. Qxb5 Nf4 27. Qxd7 Qxd7 28. Nxd7 Nxd3 29. Rxd3 Rf1+ 30. Kc2 Bg5 31. b4 Re1 32. g4 Kf7 33. Kb3 Bf6 34. Rf3 Ke6 35. Nxf6 gxf6 36. Bxf6 1-0

[Event "Mittelfranken Mitte-ch"]
[Site "Zirndorf"]
[Date "2015.01.02"]
[Round "1"]
[White "Nagel, Ekkehard"]
[Black "Diebel, Guenter"]
[Result "0-1"]
[WhiteElo "1100"]
[BlackElo "1690"]
[PlyCount "44"]
[EventDate "2015.01.02"]
[EventType "swiss"]
[EventRounds "7"]
[EventCountry "GE2"]
[SourceTitle "EXT 2018"]
[Source "ChessBase"]
[SourceDate "2017.10.13"]
[SourceVersion "1"]
[SourceVersionDate "2017.10.13"]
[SourceQuality "1"]

1. d4 c6 2. Nf3 d5 3. Bf4 Nf6 4. e3 Bg4 5. Nbd2 e6 6. c3 Bd6 7. Bxd6 Qxd6 8. Be2 Nbd7 9. 0-0 0-0-0 10. c4 h5 11. Ng5 Rdf8 12. Bxg4 hxg4 13. g3 Rh5 14. f4 gxf3 15. Ngxf3 Rfh8 16. Rf2 Ng4 17. Nf1 Nxf2 18. Kxf2 Nf6 19. Ne5 Ne4+ 20. Kg2 Rf5 21. cxd5 Qxd5 22. Kg1 Nf2 0-1

[Event "Mittelfranken Mitte-ch 1112"]
[Site "Zirndorf"]
[Date "2012.01.06"]
[Round "3"]
[White "Nagel, Ekkehard"]
[Black "Schilay, Lorenz"]
[Result "0-1"]
[WhiteElo "1190"]
[BlackElo "1385"]
[PlyCount "56"]
[EventDate "2012.01.05"]
[EventType "swiss"]
[EventRounds "7"]
[EventCountry "GER"]
[SourceTitle "EXT 2015"]
[Source "ChessBase"]
[SourceDate "2014.11.20"]
[SourceVersion "1"]
[SourceVersionDate "2014.11.20"]
[SourceQuality "1"]

1. c4 e5 2. Nc3 Nc6 3. g3 f5 4. d3 Nf6 5. Bg2 d6 6. Bg5 Be7 7. e4 fxe4 8. Bxf6 Bxf6 9. Bxe4 Bd7 10. Qh5+ Ke7 11. Nd5+ Kf8 12. Ne3 Qe8 13. Bg6 Qxg6 14. Qe2 Nd4 15. Qd2 Bc6 16. Nd5 Qf7 17. Qc3 Bxd5 18. cxd5 Qxd5 19. 0-0-0 Qxh1 20. Qxc7 Qc6+ 21. Qxc6 bxc6 22. Kd2 c5 23. Kc3 Ke7 24. Kc4 Rab8 25. Rd2 Rb4+ 26. Kd5 Kd7 27. Nh3 Nf3 28. Re2 Rd4# 0-1

[Event "Mittelfranken Mitte-ch 1112"]
[Site "Zirndorf"]
[Date "2012.01.05"]
[Round "1"]
[White "Nuesslein, Christian"]
[Black "Nagel, Ekkehard"]
[Result "1-0"]
[WhiteElo "1608"]
[BlackElo "1190"]
[PlyCount "87"]
[EventDate "2012.01.05"]
[EventType "swiss"]
[EventRounds "7"]
[EventCountry "GER"]
[SourceTitle "EXT 2015"]
[Source "ChessBase"]
[SourceDate "2014.11.20"]
[SourceVersion "1"]
[SourceVersionDate "2014.11.20"]
[SourceQuality "1"]

1. e4 e6 2. d4 d5 3. Nc3 Bb4 4. e5 Ne7 5. Qg4 h6 6. Qxg7 Kd7 7. Bxh6 Qe8 8. Be3 Nf5 9. Qg5 a6 10. g4 Rg8 11. Qf4 Ng7 12. Bd3 b6 13. Nge2 c5 14. a3 Bxc3+ 15. bxc3 c4 16. Bh7 Rh8 17. Qh6 Qf8 18. g5 Nf5 19. Qxf8 Rxf8 20. Bxf5 exf5 21. h4 Kc6 22. Nf4 Rh8 23. 0-0-0 Be6 24. h5 Nd7 25. g6 fxg6 26. Nxe6 gxh5 27. Ng7 Raf8 28. Rxh5 Rxh5 29. Nxh5 Rh8 30. Nf4 Nf8 31. Kb2 Kd7 32. Rg1 Rh7 33. Nxd5 Kc6 34. Nf6 Rf7 35. a4 a5 36. d5+ Kc7 37. Bd4 Nh7 38. Rg7 Rxg7 39. Ne8+ Kd7 40. Nxg7 f4 41. Bxb6 Ng5 42. Bxa5 Ne4 43. Bb6 f3 44. a5 1-0